[Event "60o Campeonato Brasileiro Feminino Final Aberta"]
[Site "Cuiaba MT"]
[Date "2021.10.28"]
[Round "1"]
[Board "1"]
[White "Mayara Sibowicz, Giovanna"]
[Black "Terao, Juliana Sayumi"]
[Result "0-1"]
[WhiteElo "1683"]
[BlackElo "2252"]
[PlyCount "100"]
[EventDate "2021.10.28"]
[EventRounds "11"]
[EventCountry "BRA"]

1. e4 c5 2. Nf3 e6 3. d4 cxd4 4. Nxd4 a6 5. Nc3 b5 6. Be2 Bb7 7. Bf3 Qc7 8. O-O
Nc6 9. Re1 d6 10. Bg5 Ne5 11. Bh5 g6 12. Bf3 b4 13. Na4 Bg7 14. Rc1 Nxf3+ 15.
Nxf3 Ne7 16. c3 b3 17. axb3 O-O 18. Qd2 Rab8 19. b4 Rfd8 20. Bh6 Bh8 21. Qf4 e5
22. Qh4 f6 23. Be3 Bc6 24. b3 a5 25. bxa5 Qxa5 26. Nb2 Rxb3 27. Nc4 Qc7 28.
Nfd2 Rb7 29. Rb1 Rdb8 30. Ra1 Bd7 31. Red1 Be6 32. Na3 Qxc3 33. Rdc1 Qa5 34.
Nac4 Qd8 35. Ra6 Nc8 36. Na5 Rc7 37. Rac6 Rd7 38. Ra6 Ne7 39. Ndc4 Bf7 40. Nc6
Nxc6 41. Rxc6 Bg7 42. Bb6 Qe7 43. f3 Rdb7 44. Nxd6 Rxb6 45. Rxb6 Rxb6 46. Nc8
Qa3 47. Re1 Re6 48. Qf2 Bf8 49. Qc2 Re8 50. Qc6 Qc5+  0-1

[Event "60o Campeonato Brasileiro Feminino Final Aberta"]
[Site "Cuiaba MT"]
[Date "2021.10.28"]
[Round "1"]
[Board "2"]
[White "Alboredo, Julia"]
[Black "Campagnolo, Fabiola"]
[Result "1-0"]
[WhiteElo "2183"]
[BlackElo "1677"]
[PlyCount "85"]
[EventDate "2021.10.28"]
[EventRounds "11"]
[EventCountry "BRA"]

1. e4 c5 2. Nf3 e6 3. d4 cxd4 4. Nxd4 Nc6 5. Nc3 a6 6. Nxc6 bxc6 7. Bd3 d5 8.
O-O Qc7 9. Qe2 Nf6 10. Bg5 d4 11. Nb1 Nd7 12. Nd2 f6 13. Bh4 Bd6 14. Bg3 Bxg3
15. hxg3 O-O 16. f4 Nb6 17. e5 f5 18. g4 g6 19. gxf5 gxf5 20. Rf3 Rf7 21. Kf2
c5 22. Nc4 Bb7 23. Rg3+ Rg7 24. Rxg7+ Kxg7 25. Qh5 Nxc4 26. Bxc4 Qc6 27. Qg5+
Kf8 28. Qf6+ Ke8 29. Qxe6+ Qxe6 30. Bxe6 Be4 31. Rh1 Ra7 32. Bb3 Rg7 33. Rh2 a5
34. g3 c4 35. Bxc4 Bxc2 36. Rh6 Rb7 37. b3 a4 38. Rd6 axb3 39. axb3 Bxb3 40.
Bxb3 Rxb3 41. Rxd4 Ke7 42. Rd6 Kf7 43. Rf6+  1-0

[Event "60o Campeonato Brasileiro Feminino Final Aberta"]
[Site "Cuiaba MT"]
[Date "2021.10.28"]
[Round "1"]
[Board "3"]
[White "De Souza, Eliana Aparecida"]
[Black "Librelato, Kathie Goulart"]
[Result "0-1"]
[WhiteElo "1673"]
[BlackElo "2165"]
[PlyCount "102"]
[EventDate "2021.10.28"]
[EventRounds "11"]
[EventCountry "BRA"]

1. e4 e5 2. Nf3 Nc6 3. Bb5 a6 4. Bxc6 dxc6 5. O-O f6 6. d4 Bg4 7. dxe5 Qxd1 8.
Rxd1 fxe5 9. Rd3 Bd6 10. Bg5 Nf6 11. Nbd2 O-O 12. Re1 b5 13. c4 Nd7 14. h3 Be6
15. Rc1 Nc5 16. Re3 a5 17. b3 b4 18. Ne1 a4 19. Nd3 axb3 20. axb3 Ra2 21. Rg3
Rxd2 22. Nxc5 Bxc5 23. Bxd2 Bxf2+ 24. Kh2 Bxg3+ 25. Kxg3 Rd8 26. Bxb4 Rd3+ 27.
Kf2 Rxb3 28. Ba5 Rb7 29. c5 Kf7 30. Bc3 Kf6 31. Kg3 Bc4 32. Bxe5+ Kxe5 33. Rxc4
Rb3+ 34. Kf2 g5 35. Ke2 h5 36. Kf2 Ra3 37. Ke2 Rb3 38. Kf2 Kf4 39. g3+ Ke5 40.
Kg2 Re3 41. Ra4 Rxe4 42. Ra7 g4 43. hxg4 hxg4 44. Rxc7 Kd5 45. Kf2 Kxc5 46. Rc8
Kd5 47. Rd8+ Kc4 48. Ra8 c5 49. Rf8 Kc3 50. Rf4 Rxf4+ 51. gxf4 Kd4  0-1

[Event "60o Campeonato Brasileiro Feminino Final Aberta"]
[Site "Cuiaba MT"]
[Date "2021.10.28"]
[Round "1"]
[Board "4"]
[White "Ichimura G. Barbosa, Larissa Y."]
[Black "Dias, Juliane De Oliveira"]
[Result "1-0"]
[WhiteElo "2007"]
[BlackElo "1673"]
[PlyCount "59"]
[EventDate "2021.10.28"]
[EventRounds "11"]
[EventCountry "BRA"]

1. e4 c5 2. Nf3 Nc6 3. d4 cxd4 4. Nxd4 e6 5. Nc3 Qc7 6. g3 a6 7. Bg2 Bb4 8.
Nxc6 Bxc3+ 9. bxc3 dxc6 10. Qg4 Qe5 11. Bd2 h5 12. Qe2 Nf6 13. Rb1 Qc7 14. e5
Nd5 15. c4 Ne7 16. O-O Ng6 17. f4 h4 18. Be4 hxg3 19. hxg3 Ne7 20. Qg4 g6 21.
Kg2 Nf5 22. Rh1 Rxh1 23. Rxh1 Qe7 24. Rh8+ Kd7 25. Qd1 Kc7 26. g4 Ng7 27. Bb4
Qd7 28. Bd6+ Kb6 29. Qd4+ Ka5 30. Qc5+  1-0

[Event "60o Campeonato Brasileiro Feminino Final Aberta"]
[Site "Cuiaba MT"]
[Date "2021.10.28"]
[Round "1"]
[Board "5"]
[White "Brambilla, Renee Blandy T."]
[Black "Tamarozi, Isabelle"]
[Result "0-1"]
[WhiteElo "1671"]
[BlackElo "1981"]
[PlyCount "108"]
[EventDate "2021.10.28"]
[EventRounds "11"]
[EventCountry "BRA"]

1. d4 Nf6 2. c4 g6 3. Nc3 Bg7 4. e4 d6 5. Nf3 O-O 6. Be2 e5 7. O-O Nc6 8. d5
Ne7 9. Ne1 Nd7 10. Nd3 f5 11. Bd2 Nf6 12. f3 f4 13. c5 g5 14. Rc1 Ng6 15. cxd6
cxd6 16. Nb5 Ne8 17. Nf2 Rf7 18. a4 h5 19. Na3 Nf6 20. Nc4 Bf8 21. a5 g4 22.
fxg4 hxg4 23. Nxg4 Nxe4 24. Qc2 Bf5 25. Bd3 Bxg4 26. Bxe4 Nh4 27. Be1 Rg7 28.
Bxh4 Qxh4 29. Qf2 Qg5 30. Rc3 Rc8 31. Rfc1 Be7 32. Nd2 Rf8 33. Nf3 Qh5 34. Kf1
Bd8 35. Rc8 Bxc8 36. Rxc8 Qg4 37. Rc2 Bxa5 38. Qh4 Qxh4 39. Nxh4 Rc7 40. Rxc7
Bxc7 41. Ke2 Kf7 42. Kf3 Rh8 43. Kg4 Bd8 44. Nf3 Rg8+ 45. Kh3 Ba5 46. g4 fxg3
47. hxg3 Kf6 48. g4 Bb4 49. g5+ Rxg5 50. Nxg5 Kxg5 51. Kg3 a5 52. b3 b5 53. Bd3
a4 54. Bxb5 a3  0-1

[Event "60o Campeonato Brasileiro Feminino Final Aberta"]
[Site "Cuiaba MT"]
[Date "2021.10.28"]
[Round "1"]
[Board "6"]
[White "Heinrichs, Vivian"]
[Black "Flores, Clarice Soares Leite"]
[Result "1-0"]
[WhiteElo "1974"]
[BlackElo "1656"]
[PlyCount "107"]
[EventDate "2021.10.28"]
[EventRounds "11"]
[EventCountry "BRA"]

1. e4 c5 2. Nf3 g6 3. d4 cxd4 4. Nxd4 Nc6 5. c4 Nf6 6. Nc3 d6 7. Be2 Nxd4 8.
Qxd4 Bg7 9. Bg5 O-O 10. Qd3 a5 11. Rd1 a4 12. e5 Bf5 13. Qf3 Bg4 14. Qe3 Bxe2
15. Qxe2 Qa5 16. exf6 exf6 17. Be3 a3 18. Rd5 Qa6 19. b3 f5 20. Nb5 Rfe8 21. g3
Qc6 22. O-O Re6 23. Qd2 Be5 24. Nd4 Bxd4 25. Qxd4 f6 26. Bf4 Rae8 27. Rxd6 Qc8
28. Rxe6 Rxe6 29. Bc1 Qf8 30. Qd5 Qf7 31. Bxa3 h5 32. Rd1 Kg7 33. Qd7 Re1+ 34.
Kg2 Rxd1 35. Qxd1 Qe8 36. Qd5 Qc8 37. Bb2 Qc7 38. b4 f4 39. c5 fxg3 40. hxg3
Qe7 41. b5 h4 42. gxh4 Qe2 43. Qxb7+ Kh6 44. Bc1+ g5 45. hxg5+ fxg5 46. Qc6+
Kh7 47. Qd7+ Kg6 48. Qd6+ Kh5 49. b6 Qe4+ 50. Kh2 Qh4+ 51. Kg1 Qg4+ 52. Qg3
Qd1+ 53. Kh2 Qxc1 54. b7  1-0

[Event "60o Campeonato Brasileiro Feminino Final Aberta"]
[Site "Cuiaba MT"]
[Date "2021.10.28"]
[Round "1"]
[Board "7"]
[White "Zago, Caroline Datora"]
[Black "Medeiros, Thauane Ferreira"]
[Result "0-1"]
[WhiteElo "1634"]
[BlackElo "1896"]
[PlyCount "60"]
[EventDate "2021.10.28"]
[EventRounds "11"]
[EventCountry "BRA"]

1. e4 c5 2. Nf3 Nc6 3. d4 cxd4 4. Nxd4 g6 5. Nc3 Bg7 6. Nb3 Nf6 7. f3 O-O 8.
Be3 Re8 9. Qd2 e6 10. O-O-O d5 11. exd5 Nxd5 12. Nxd5 exd5 13. Bf2 Qf6 14. Bd4
Nxd4 15. Qxd4 Qg5+ 16. Qd2 Qh5 17. Bb5 Bh6 18. f4 Rd8 19. g3 Bg4 20. Rde1 Rac8
21. Re7 a6 22. Be2 Bxe2 23. Qxe2 Qxe2 24. Rxe2 Kf8 25. Rd1 Rd7 26. Red2 g5 27.
Rxd5 Rxd5 28. Rxd5 gxf4 29. Rh5 fxg3+ 30. Rxh6 g2  0-1

[Event "60o Campeonato Brasileiro Feminino Final Aberta"]
[Site "Cuiaba MT"]
[Date "2021.10.28"]
[Round "1"]
[Board "8"]
[White "Frattini, Beatriz Maria"]
[Black "Felix, Luiza De Oliveira"]
[Result "1-0"]
[WhiteElo "1880"]
[BlackElo "1599"]
[PlyCount "45"]
[EventDate "2021.10.28"]
[EventRounds "11"]
[EventCountry "BRA"]

1. e4 c5 2. Nf3 Nc6 3. d4 cxd4 4. Nxd4 g6 5. Nc3 Bg7 6. Be3 Nf6 7. Bc4 d6 8. f3
O-O 9. Qd2 Bd7 10. Bb3 Nxd4 11. Bxd4 b5 12. a4 Qa5 13. O-O b4 14. Nd5 Nxd5 15.
Bxg7 Kxg7 16. exd5 Qc5+ 17. Kh1 Rac8 18. Rfe1 Rfe8 19. Re4 Bf5 20. Rxb4 Bxc2
21. Rc4 Bxb3 22. Qc3+ Kg8 23. Rxc5  1-0

[Event "60o Campeonato Brasileiro Feminino Final Aberta"]
[Site "Cuiaba MT"]
[Date "2021.10.28"]
[Round "1"]
[Board "9"]
[White "Da Cunha, Gabriela Goes"]
[Black "Menezes, Grasielle Da Silv"]
[Result "1/2-1/2"]
[WhiteElo "1588"]
[BlackElo "1868"]
[PlyCount "95"]
[EventDate "2021.10.28"]
[EventRounds "11"]
[EventCountry "BRA"]

1. e4 c6 2. d4 d5 3. exd5 cxd5 4. Bd3 Nc6 5. c3 Nf6 6. h3 Bd7 7. Bf4 Qc8 8. Qc2
g6 9. Nf3 Bf5 10. O-O Bxd3 11. Qxd3 Qf5 12. Qb5 Qd7 13. Nbd2 h5 14. Nb3 b6 15.
a4 e6 16. Ne5 Nxe5 17. Bxe5 Be7 18. Rfc1 Rg8 19. c4 dxc4 20. Rxc4 Nd5 21. Rac1
a6 22. Qc6 Qxc6 23. Rxc6 Kd7 24. Nd2 Rac8 25. Rxc8 Rxc8 26. Rxc8 Kxc8 27. Nc4
Kd7 28. Kf1 Kc6 29. Ke2 b5 30. axb5+ axb5 31. Ne3 Nxe3 32. fxe3 Kd5 33. Kd3 Bb4
34. Bf6 Bd6 35. e4+ Kc6 36. e5 Bf8 37. Ke4 Bh6 38. Be7 Bc1 39. b4 Bd2 40. g4
hxg4 41. hxg4 Kd7 42. Bc5 Bg5 43. d5 exd5+ 44. Kxd5 Bd2 45. Bf8 Be3 46. Bc5 Bg5
47. Bd4 Bd2 48. Bc5  1/2-1/2

[Event "60o Campeonato Brasileiro Feminino Final Aberta"]
[Site "Cuiaba MT"]
[Date "2021.10.28"]
[Round "1"]
[Board "10"]
[White "Viaro Baccarin, Natalia"]
[Black "Braga, Debora Abade"]
[Result "1-0"]
[WhiteElo "1865"]
[BlackElo "1480"]
[PlyCount "63"]
[EventDate "2021.10.28"]
[EventRounds "11"]
[EventCountry "BRA"]

1. e4 c6 2. d4 d5 3. exd5 cxd5 4. c4 Nf6 5. Nc3 Bf5 6. Qb3 dxc4 7. Qxb7 Nbd7 8.
Bxc4 e6 9. Nf3 Be7 10. O-O O-O 11. Bf4 Nb6 12. Bc7 Qc8 13. Ba6 Qxb7 14. Bxb7
Rae8 15. Ne5 Na8 16. Bxa8 Rxa8 17. Nc6 Rfe8 18. Rfe1 Rac8 19. Nxe7+ Rxe7 20.
Bd6 Rb7 21. Ba3 Bd3 22. Rac1 Rd7 23. d5 Nxd5 24. Nxd5 Rcd8 25. Ne7+ Kh8 26. Nc6
Re8 27. Ne5 Rd5 28. Nxd3 Rxd3 29. Red1 Rxd1+ 30. Rxd1 a6 31. Rd7 Rc8 32. Kf1
 1-0

[Event "60o Campeonato Brasileiro Feminino Final Aberta"]
[Site "Cuiaba MT"]
[Date "2021.10.28"]
[Round "1"]
[Board "12"]
[White "Dull, Amanda Paul"]
[Black "Do Amaral Vailant, Helena Kether"]
[Result "1-0"]
[WhiteElo "1847"]
[BlackElo "1414"]
[PlyCount "101"]
[EventDate "2021.10.28"]
[EventRounds "11"]
[EventCountry "BRA"]

1. d4 f5 2. Nf3 Nf6 3. Bf4 g6 4. e3 Bg7 5. Nbd2 d6 6. Bc4 Nh5 7. Bg3 Nxg3 8.
hxg3 e5 9. dxe5 dxe5 10. e4 Qe7 11. Qe2 Nc6 12. O-O-O Bd7 13. Nb1 O-O-O 14. Nc3
Be6 15. Bxe6+ Qxe6 16. Rxd8+ Nxd8 17. Nd5 h5 18. Qc4 c6 19. Re1 Kb8 20. Ne3 f4
21. Qxe6 Nxe6 22. Nc4 fxg3 23. fxg3 Nc5 24. b4 Nd7 25. c3 Kc7 26. Kc2 b5 27.
Nb2 Rd8 28. Ng5 Nf8 29. Rf1 Kb6 30. Nd3 Rd7 31. Nc5 Re7 32. Rd1 a5 33. a3 Bh6
34. Nf3 Be3 35. Nd3 Nd7 36. bxa5+ Kxa5 37. Nb4 Kb6 38. Rd6 Nb8 39. Rxg6 Kc7 40.
Rg8 Nd7 41. Rg6 Nb8 42. g4 hxg4 43. Rxg4 Re6 44. Rg7+ Kd6 45. Nh4 Bb6 46. Nf5+
Kc5 47. Kb3 Ba5 48. Rb7 Rd6 49. Nxd6 Kxd6 50. Rxb8 Bc7 51. Rg8  1-0

[Event "60o Campeonato Brasileiro Feminino Final Aberta"]
[Site "Cuiaba MT"]
[Date "2021.10.28"]
[Round "1"]
[Board "13"]
[White "Da Silva, Debora Oliveira Lopes"]
[Black "Bail, Ellen Larissa"]
[Result "0-1"]
[WhiteElo "1389"]
[BlackElo "1833"]
[PlyCount "56"]
[EventDate "2021.10.28"]
[EventRounds "11"]
[EventCountry "BRA"]

1. e4 e6 2. d3 d5 3. Nd2 Nf6 4. g3 c5 5. Bg2 Nc6 6. Ngf3 Be7 7. O-O O-O 8. Re1
Qc7 9. Qe2 b5 10. e5 Nd7 11. c4 bxc4 12. dxc4 d4 13. Nb3 Rb8 14. Bf4 a5 15. Nc1
Ba6 16. b3 a4 17. Nd3 Rb6 18. Nd2 Kh8 19. Rab1 g5 20. Qh5 gxf4 21. Be4 f5 22.
exf6 Nxf6 23. Qh6 fxg3 24. hxg3 Bb7 25. Nf4 Ne5 26. Nh5 Rf7 27. f4 Neg4 28. Qg5
Nxe4  0-1

[Event "60o Campeonato Brasileiro Feminino Final Aberta"]
[Site "Cuiaba MT"]
[Date "2021.10.28"]
[Round "1"]
[Board "14"]
[White "Nunes, Agatha Hurba"]
[Black "Almeida, Bianca Martins"]
[Result "1-0"]
[WhiteElo "1797"]
[BlackElo "1262"]
[PlyCount "57"]
[EventDate "2021.10.28"]
[EventRounds "11"]
[EventCountry "BRA"]

1. d4 d5 2. c4 Nc6 3. Nc3 Nf6 4. cxd5 Nxd5 5. e4 Nf6 6. Bb5 e6 7. Bg5 h6 8. Bh4
Be7 9. Bxf6 Bxf6 10. d5 exd5 11. exd5 Bxc3+ 12. bxc3 a6 13. Qe2+ Qe7 14. Bxc6+
bxc6 15. dxc6 Qe6 16. Nf3 Qxe2+ 17. Kxe2 O-O 18. Nd4 a5 19. Kd2 Rd8 20. Rhe1
Ba6 21. Re7 Rac8 22. Rb1 Bc4 23. Rb7 Bxa2 24. Rexc7 Bd5 25. Kc1 Bxg2 26. Rxf7
Bxc6 27. Rxg7+ Kf8 28. Ne6+ Ke8 29. Rbe7#  1-0

[Event "60o Campeonato Brasileiro Feminino Final Aberta"]
[Site "Cuiaba MT"]
[Date "2021.10.28"]
[Round "1"]
[Board "15"]
[White "Bokhonok, Tatiana Dos Santos Spin"]
[Black "Rodio, Julia Brunetto"]
[Result "0-1"]
[WhiteElo "1230"]
[BlackElo "1788"]
[PlyCount "110"]
[EventDate "2021.10.28"]
[EventRounds "11"]
[EventCountry "BRA"]

1. d4 Nf6 2. Bf4 d5 3. e3 c5 4. c3 Nc6 5. Nd2 e6 6. h3 Bd6 7. Ngf3 Bxf4 8. exf4
cxd4 9. cxd4 Qd6 10. Ne5 Nxd4 11. Qa4+ Nc6 12. Bb5 Bd7 13. Rc1 Nxe5 14. fxe5
Qxe5+ 15. Kf1 Qxb2 16. Bxd7+ Nxd7 17. Nb3 a6 18. g3 b5 19. Qa5 O-O 20. Kg2 Qf6
21. Rc7 Ne5 22. Qc3 Qf5 23. Re1 Nc4 24. Nd4 Qf6 25. Qd3 Rfc8 26. Rxc8+ Rxc8 27.
Rc1 Qg5 28. f4 Qd8 29. Qe2 Qb6 30. Qd2 Qc5 31. Nb3 Nxd2 32. Rxc5 Rxc5 33. Nxc5
a5 34. g4 Kf8 35. f5 Ke7 36. Kf2 Ne4+ 37. Nxe4 dxe4 38. Ke3 exf5 39. gxf5 b4
40. Kxe4 a4 41. Kd4 b3 42. axb3 axb3 43. Kc3 Kf6 44. Kxb3 Kxf5 45. Kc4 Kf4 46.
Kd4 Kg3 47. Ke3 Kxh3 48. Kf3 g5 49. Kf2 g4 50. Kg1 Kg3 51. Kh1 Kf2 52. Kh2 g3+
53. Kh1 g2+ 54. Kh2 g1=Q+ 55. Kh3 Qg3#  0-1

[Event "60o Campeonato Brasileiro Feminino Final Aberta"]
[Site "Cuiaba MT"]
[Date "2021.10.28"]
[Round "1"]
[Board "16"]
[White "Nakata, Thifanni Harumi"]
[Black "Montes, Sofia"]
[Result "1-0"]
[WhiteElo "1778"]
[BlackElo "1836"]
[PlyCount "69"]
[EventDate "2021.10.28"]
[EventRounds "11"]
[EventCountry "BRA"]

1. d4 d5 2. c4 c6 3. Nc3 e6 4. e3 Nf6 5. Nf3 dxc4 6. Bxc4 b5 7. Bd3 Be7 8. O-O
O-O 9. e4 Bb7 10. Qc2 g6 11. Bg5 Nbd7 12. Rfd1 a6 13. e5 Nd5 14. Bxe7 Qxe7 15.
Nxd5 cxd5 16. h4 h6 17. a4 bxa4 18. Rxa4 Nb6 19. Ra2 Rfc8 20. Qd2 Kg7 21. b3
Ra7 22. Rda1 Rca8 23. Ra5 Nd7 24. b4 Nb8 25. b5 Qd8 26. Qb4 Qb6 27. Qc5 Qd8 28.
Qd6 Qxd6 29. exd6 Bc8 30. Rc1 Bd7 31. bxa6 Nxa6 32. Rca1 Bc8 33. Ne5 f6 34. Nc6
Rc7 35. dxc7  1-0

[Event "60o Campeonato Brasileiro Feminino Final Aberta"]
[Site "Cuiaba MT"]
[Date "2021.10.28"]
[Round "1"]
[Board "17"]
[White "Muraoka, Karoline Aimy"]
[Black "Eger, Laura Luisa"]
[Result "0-1"]
[WhiteElo "1821"]
[BlackElo "1767"]
[PlyCount "114"]
[EventDate "2021.10.28"]
[EventRounds "11"]
[EventCountry "BRA"]

1. e4 e5 2. Nf3 Nc6 3. Bb5 a6 4. Ba4 b5 5. Bb3 Bc5 6. c3 d6 7. O-O Nf6 8. d4
Bb6 9. Re1 O-O 10. h3 h6 11. Be3 Re8 12. dxe5 Nxe5 13. Bxb6 cxb6 14. Nbd2 Nd3
15. Re3 Nxb2 16. Qc2 Na4 17. Bxa4 bxa4 18. Qxa4 Bb7 19. Rd1 Qc7 20. Qd4 Qc5 21.
Rde1 Rad8 22. Nh2 Rc8 23. Ng4 Nxg4 24. hxg4 Qxd4 25. cxd4 Rc2 26. R1e2 Rxa2 27.
Nc4 Rxe2 28. Rxe2 Rxe4 29. Rxe4 Bxe4 30. Nxb6 a5 31. Nc4 a4 32. Na3 Kf8 33. f3
Bd3 34. Kf2 Ke7 35. Ke3 Bf1 36. g3 Ke6 37. Nc2 Kd5 38. Na3 Kc6 39. Kd2 Kb6 40.
Kc3 Be2 41. f4 Bxg4 42. Kb4 Bd1 43. Nb1 Kc6 44. Nc3 Bb3 45. g4 g6 46. f5 gxf5
47. gxf5 h5 48. Ne2 h4 49. Nf4 Bc2 50. d5+ Kd7 51. f6 Bf5 52. Kxa4 h3 53. Nxh3
Bxh3 54. Kb5 Bg2 55. Kc4 Kc7 56. Kd4 Kb6 57. Kc4 Bh1  0-1

[Event "60o Campeonato Brasileiro Feminino Final Aberta"]
[Site "Cuiaba MT"]
[Date "2021.10.28"]
[Round "1"]
[Board "18"]
[White "Kikuchi Cadilhac, Mariana Sawae"]
[Black "Silveira, Celissa Franco Godoy D"]
[Result "1-0"]
[WhiteElo "1762"]
[BlackElo "1810"]
[PlyCount "103"]
[EventDate "2021.10.28"]
[EventRounds "11"]
[EventCountry "BRA"]

1. e4 c5 2. Nf3 d6 3. d4 Nd7 4. Be2 e6 5. Nc3 Ne7 6. Be3 Nc6 7. O-O Be7 8. d5
exd5 9. Nxd5 O-O 10. Bf4 Nce5 11. Nd2 a6 12. a4 Nf6 13. Ne3 Bd7 14. Bg3 Bc6 15.
f4 Ng6 16. Bf3 Qb6 17. Nec4 Qa7 18. f5 Ne5 19. Nxe5 dxe5 20. Bxe5 Rad8 21. Qe1
c4+ 22. Kh1 Qc5 23. Bc3 Nd7 24. Qg3 f6 25. Be2 Ne5 26. Rfd1 Bd6 27. Bxe5 Qxe5
28. Qxe5 Bxe5 29. Bxc4+ Kh8 30. c3 Bf4 31. Nb3 Bxe4 32. Nd4 Rd6 33. Ne6 Rxd1+
34. Rxd1 Rc8 35. Nxf4 g5 36. Ne6 Bxf5 37. Bb3 Bxe6 38. Bxe6 Rc7 39. Rd8+ Kg7
40. Rd7+ Rxd7 41. Bxd7 b6 42. b4 a5 43. bxa5 bxa5 44. c4 Kf7 45. c5 Ke7 46. c6
Kd8 47. Kg1 Kc7 48. g4 h6 49. Kf2 Kd6 50. Ke3 Kc7 51. Ke4 Kd6 52. Kf5  1-0

[Event "60o Campeonato Brasileiro Feminino Final Aberta"]
[Site "Cuiaba MT"]
[Date "2021.10.28"]
[Round "1"]
[Board "19"]
[White "Pimenta, Vhendala Eloisa"]
[Black "Reis, Virginia Lagrange M."]
[Result "0-1"]
[WhiteElo "1771"]
[BlackElo "1741"]
[PlyCount "60"]
[EventDate "2021.10.28"]
[EventRounds "11"]
[EventCountry "BRA"]

1. c4 c5 2. g3 Nc6 3. Bg2 g6 4. Nc3 Bg7 5. e3 d6 6. Nge2 e5 7. O-O Be6 8. d3
Nge7 9. f4 O-O 10. a3 Rb8 11. Rb1 a6 12. Nd5 b5 13. fxe5 dxe5 14. e4 f6 15. Be3
Nd4 16. b4 Bg4 17. Bxd4 cxd4 18. c5 Be6 19. Qc2 Nxd5 20. exd5 Bxd5 21. a4 Bxg2
22. Kxg2 Qd5+ 23. Kh3 f5 24. axb5 axb5 25. Qb3 Qxb3 26. Rxb3 Ra8 27. Rfb1 Kf7
28. R3b2 Ra3 29. Nc1 Ke6 30. Nb3 e4  0-1

[Event "60o Campeonato Brasileiro Feminino Final Aberta"]
[Site "Cuiaba MT"]
[Date "2021.10.28"]
[Round "1"]
[Board "20"]
[White "Martins De Aguiar, Marina"]
[Black "Silva, Marina Taborelli"]
[Result "1-0"]
[WhiteElo "1713"]
[BlackElo "1651"]
[PlyCount "105"]
[EventDate "2021.10.28"]
[EventRounds "11"]
[EventCountry "BRA"]

1. e4 e5 2. d4 d6 3. Bc4 Nf6 4. dxe5 dxe5 5. Bxf7+ Kxf7 6. Qxd8 Bb4+ 7. Qd2
Bxd2+ 8. Nxd2 Nbd7 9. Ngf3 h6 10. O-O b6 11. b3 Bb7 12. Re1 Rhe8 13. Bb2 b5 14.
a4 a6 15. Bc3 Re6 16. h3 Rae8 17. axb5 axb5 18. Ra7 Rb6 19. Ba5 Ra6 20. Rxb7
Rxa5 21. Rxc7 Ke7 22. Rb7 Kd6 23. c4 Kc6 24. Rxb5 Rxb5 25. cxb5+ Kxb5 26. Nc4
Kb4 27. Re3 g5 28. Ne1 Nc5 29. Nc2+ Kb5 30. Nd6+ Kc6 31. Nxe8 Nxe8 32. Na3 Nd6
33. f3 Kd7 34. Nc4 Nxc4 35. bxc4 Ke7 36. Ra3 Kf6 37. Ra5 Nb7 38. Rb5 Nd8 39.
Rb6+ Ne6 40. Kf2 Ke7 41. Rxe6+ Kxe6 42. Ke3 Kd6 43. Kd3 Kc5 44. Kc3 h5 45. g3
h4 46. g4 Kb6 47. Kb4 Kc6 48. c5 Kc7 49. Kb5 Kb7 50. c6+ Kc7 51. Kc5 Kd8 52.
Kd6 Kc8 53. c7  1-0

[Event "60o Campeonato Brasileiro Feminino Final Aberta"]
[Site "Cuiaba MT"]
[Date "2021.10.29"]
[Round "2"]
[Board "1"]
[White "Terao, Juliana Sayumi"]
[Black "Dull, Amanda Paul"]
[Result "1-0"]
[WhiteElo "2252"]
[BlackElo "1847"]
[PlyCount "101"]
[EventDate "2021.10.28"]
[EventRounds "11"]
[EventCountry "BRA"]

1. e4 d5 2. exd5 Qxd5 3. Nc3 Qd8 4. d4 Nf6 5. Nf3 g6 6. Be3 Bg7 7. Qd2 a6 8. a4
Nc6 9. Bc4 b6 10. Rd1 O-O 11. O-O Bb7 12. Rfe1 Nb4 13. Ne5 Nbd5 14. Nxd5 Nxd5
15. Bh6 e6 16. Be2 Ne7 17. c4 Nf5 18. Bxg7 Kxg7 19. Qc3 Kg8 20. d5 Nd6 21. Ng4
f6 22. dxe6 Qe7 23. Bd3 Qg7 24. c5 bxc5 25. Qxc5 Rfe8 26. Bb1 Re7 27. Qc3 f5
28. Nf6+ Kh8 29. f3 Rf8 30. Nd7 Qxc3 31. bxc3 Rfe8 32. Ba2 Bc8 33. Kf2 Kg7 34.
Ne5 Bb7 35. Nf7 Nc8 36. Rb1 Bc6 37. a5 Nd6 38. Nxd6 cxd6 39. Rb6 Rc8 40. Rxa6
Bb5 41. Rb6 Be8 42. Rc1 Rc5 43. a6 d5 44. Ke3 Kf6 45. Kd4 Rc6 46. Rxc6 Bxc6 47.
Bxd5 Bxd5 48. Kxd5 Rxe6 49. Ra1 Re8 50. a7 Ra8 51. Kc6  1-0

[Event "60o Campeonato Brasileiro Feminino Final Aberta"]
[Site "Cuiaba MT"]
[Date "2021.10.29"]
[Round "2"]
[Board "2"]
[White "Bail, Ellen Larissa"]
[Black "Alboredo, Julia"]
[Result "0-1"]
[WhiteElo "1833"]
[BlackElo "2183"]
[PlyCount "88"]
[EventDate "2021.10.28"]
[EventRounds "11"]
[EventCountry "BRA"]

1. d4 Nf6 2. Nf3 g6 3. c4 Bg7 4. e3 O-O 5. Be2 c5 6. Nc3 cxd4 7. Nxd4 Nc6 8.
O-O Nxd4 9. Qxd4 d6 10. e4 Be6 11. Qd3 Rc8 12. Nd5 Nd7 13. Bg5 Bxd5 14. exd5
Bxb2 15. Rab1 Bf6 16. Bxf6 exf6 17. Qa3 Nc5 18. Qxa7 Ra8 19. Qb6 Rxa2 20. Qxd8
Rxd8 21. Rfe1 Re8 22. Bf1 Rxe1 23. Rxe1 Kf8 24. f3 f5 25. Re2 Rxe2 26. Bxe2 f4
27. Kf2 Ke7 28. Ke1 Kf6 29. Kd2 Ke5 30. Kc3 h5 31. Bd1 g5 32. Bc2 Nd7 33. Bd1
f5 34. Ba4 Nf6 35. Kd3 g4 36. Bb5 h4 37. Ba4 Nh5 38. Ke2 Kd4 39. Bd7 g3 40. h3
Kxc4 41. Bxf5 Nf6 42. Bc8 b5 43. Kd2 Nxd5 44. Be6 Kd4  0-1

[Event "60o Campeonato Brasileiro Feminino Final Aberta"]
[Site "Cuiaba MT"]
[Date "2021.10.29"]
[Round "2"]
[Board "3"]
[White "Librelato, Kathie Goulart"]
[Black "Nakata, Thifanni Harumi"]
[Result "1-0"]
[WhiteElo "2165"]
[BlackElo "1778"]
[PlyCount "47"]
[EventDate "2021.10.28"]
[EventRounds "11"]
[EventCountry "BRA"]

1. e4 c5 2. Nf3 d6 3. d4 cxd4 4. Nxd4 Nf6 5. Nc3 a6 6. Bg5 e6 7. f4 h6 8. Bh4
Qb6 9. Qd2 Nbd7 10. O-O-O Qc7 11. Bd3 Be7 12. Rhe1 b5 13. Qe2 b4 14. Nd5 Nxd5
15. exd5 Bxh4 16. g3 Bf6 17. dxe6 Ne5 18. fxe5 Bxe5 19. exf7+ Qxf7 20. Nc6 O-O
21. Qe4 Bf5 22. Qxf5 Qxf5 23. Bxf5 Rxf5 24. Ne7+  1-0

[Event "60o Campeonato Brasileiro Feminino Final Aberta"]
[Site "Cuiaba MT"]
[Date "2021.10.29"]
[Round "2"]
[Board "4"]
[White "Rodio, Julia Brunetto"]
[Black "Ichimura G. Barbosa, Larissa Y."]
[Result "0-1"]
[WhiteElo "1788"]
[BlackElo "2007"]
[PlyCount "94"]
[EventDate "2021.10.28"]
[EventRounds "11"]
[EventCountry "BRA"]

1. d4 Nf6 2. Nf3 g6 3. g3 Bg7 4. Bg2 O-O 5. O-O d6 6. b3 Nbd7 7. Bb2 Re8 8. Re1
e5 9. dxe5 dxe5 10. Nxe5 Ng4 11. Nxg4 Bxb2 12. Nd2 Bxa1 13. Qxa1 Qg5 14. Ne3
Rxe3 15. Nf3 Rxf3 16. exf3 Qf6 17. Re8+ Kg7 18. Qe1 Nb6 19. Qb4 Nd7 20. Bh3 c5
21. Qb5 a6 22. Qa5 Nb6 23. Qxc5 Qa1+ 24. Bf1 Qxf1+ 25. Kxf1 Bh3+ 26. Ke1 Rxe8+
27. Kd2 Nd7 28. Qc3+ Kg8 29. f4 b6 30. Qc6 Re6 31. Qc8+ Kg7 32. Qc3+ Nf6 33. f3
h5 34. Qc4 a5 35. Qb5 Rd6+ 36. Kc1 Bf5 37. c4 Nd7 38. Kb2 Nc5 39. Qe8 Rd2+ 40.
Kc1 Rc2+ 41. Kd1 Rxa2 42. Qe5+ Kh7 43. Qc7 Be6 44. g4 hxg4 45. fxg4 Bxg4+ 46.
Ke1 Nd3+ 47. Kf1 Bh3+  0-1